Statistics for Coats of Arms of the Southern African Development Community

Click here to take the quiz!

General Stats

  • This quiz has been taken 24 times
  • The average score is 15 of 16

Answer Stats

Answer% Correct
Angola
100%
Botswana
100%
Comoros
100%
Madagascar
100%
Mozambique
100%
Zambia
100%
Eswatini
95%
Namibia
95%
Tanzania
95%
Zimbabwe
95%
Mauritius
90%
Seychelles
85%
South Africa
85%
Democratic Republic of the Congo
80%
Malawi
80%
Lesotho
75%

Score Distribution

Percentile by Number Answered

Percent of People with Each Score

Your Score History

You have not taken this quiz